MARC details
| 001 - CONTROL NUMBER |
| control field |
23354012 |
| 003 - CONTROL NUMBER IDENTIFIER |
| control field |
0000 |
| 005 - DATE AND TIME OF LATEST TRANSACTION |
| control field |
20251119122808.0 |
| 008 - FIXED-LENGTH DATA ELEMENTS--GENERAL INFORMATION |
| fixed length control field |
231017s2023 flu b 001 0 eng |
| 010 ## - LIBRARY OF CONGRESS CONTROL NUMBER |
| LC control number |
2023026739 |
| 020 ## - INTERNATIONAL STANDARD BOOK NUMBER |
| International Standard Book Number |
9781032482422 |
| 035 ## - SYSTEM CONTROL NUMBER |
| System control number |
23354012 |
| 040 ## - CATALOGING SOURCE |
| Original cataloging agency |
DLC |
| Language of cataloging |
eng |
| Description conventions |
rda |
| Transcribing agency |
DLC |
| Modifying agency |
DLC |
| 042 ## - AUTHENTICATION CODE |
| Authentication code |
pcc |
| 050 00 - LIBRARY OF CONGRESS CALL NUMBER |
| Classification number |
TK 2945 .S63 .R66 |
| 082 00 - DEWEY DECIMAL CLASSIFICATION NUMBER |
| Classification number |
621.31/2424 |
| Edition number |
23/eng/20231019 |
| 100 ## - MAIN ENTRY--PERSONAL NAME |
| Personal name |
Kumar, Vipin (editor) |
| 245 00 - TITLE STATEMENT |
| Title |
Room-temperature sodium-sulfur batteries : |
| Remainder of title |
anode, cathode, and electrolyte design / |
| Statement of responsibility, etc |
edited by Vipin Kumar. |
| 263 ## - PROJECTED PUBLICATION DATE |
| Projected publication date |
2312 |
| 264 #1 - PUBLICATION, DISTRIBUTION, ETC. (IMPRINT) |
| Place of publication, distribution, etc |
Boca Raton : |
| Name of publisher, distributor, etc |
CRC Press, |
| Date of publication, distribution, etc |
2024. |
| 300 ## - PHYSICAL DESCRIPTION |
| Extent |
xv, 159p. ill. |
| 336 ## - CONTENT TYPE |
| Content type term |
text |
| Content type code |
txt |
| Source |
rdacontent |
| 337 ## - MEDIA TYPE |
| Media type term |
unmediated |
| Media type code |
n |
| Source |
rdamedia |
| 338 ## - CARRIER TYPE |
| Carrier type term |
volume |
| Carrier type code |
nc |
| Source |
rdacarrier |
| 504 ## - BIBLIOGRAPHY, ETC. NOTE |
| Bibliography, etc |
Includes bibliographical references and index. |
| 505 0# - FORMATTED CONTENTS NOTE |
| Formatted contents note |
Introduction: Sodium sulfur battery technology -- Sodium metal anode : past, present, and future of sodium metal anode -- Sulfur cathode : progress in the development of sulfur cathode -- Electrolytes for room-temperature sodium-sulfur batteries : a holistic approach to understand solvation -- Analytical techniques to probe room-temperature sodium-sulfur batteries -- Sodium sulfur batteries : similarities and differences with lithium-sulfur battery -- Other sodium metal based rechargeable battery technologies : a brief introduction to sodium dual ion batteries -- Conclusion and prospects. |
| 520 ## - SUMMARY, ETC. |
| Summary, etc |
"This book provides an effective review and critical analysis of the recently demonstrated room-temperature sodium-sulfur batteries. Divided into three sections, it highlights the status of the technologies and strategies developed for the sodium metal anode, insight into the development of sulfur cathode, and electrolyte engineering. It reviews past, present, and future perspectives for each cell component including characterization tools unveiling the fundamental understanding of the room-temperature sodium-sulfur batteries. Features: Highlights scientific challenges in developing room-temperature sodium-sulfur batteries Covers pertinent anode, cathode, and electrolyte engineering Provides scientific and technical interpretation for each of the cell components Discusses how Na-S batteries relates to the more extensively researched Li-S batteries Explores importance of the SEI and CEI in developing stable sodium-sulfur batteries This book is aimed at graduate students and researchers in energy science, materials science, and electrochemistry"-- |
| Assigning source |
Provided by publisher. |
| 650 #0 - SUBJECT ADDED ENTRY--TOPICAL TERM |
| Topical term or geographic name as entry element |
Sodium-sulfur batteries. |
| 700 1# - ADDED ENTRY--PERSONAL NAME |
| Personal name |
Kumar, Vipin |
| Titles and other words associated with a name |
(Professor of energy science and engineering), |
| Relator term |
editor. |
| 776 08 - ADDITIONAL PHYSICAL FORM ENTRY |
| Relationship information |
Online version: |
| Title |
Room-temperature sodium-sulfur batteries |
| Place, publisher, and date of publication |
Boca Raton : CRC Press, 2024 |
| International Standard Book Number |
9781003388067 |
| Record control number |
(DLC) 2023026740 |
| 906 ## - LOCAL DATA ELEMENT F, LDF (RLIN) |
| a |
7 |
| b |
cbc |
| c |
orignew |
| d |
1 |
| e |
ecip |
| f |
20 |
| g |
y-gencatlg |
| 942 ## - ADDED ENTRY ELEMENTS (KOHA) |
| Source of classification or shelving scheme |
Library of Congress Classification |
| Koha item type |
Books |